000
00322nam a2200133Ia 4500
008
220216s9999 xx 000 0 und d
100
_a
Bachik A T B
245
0
_a
NR industry: New directions for Malaysia
260
_b
Rubber News
_c
1998
300
_a
28-32
650
_a
Malaysia
650
_a
NR industry
942
_c
JS
999
_c
64145
_d
64145